000 00455nam a22001577a 4500
005 20251029123816.0
008 251029b |||||||| |||| 00| 0 eng d
020 _a0534552250
050 _aQR 41.2 .T46 2000
_bC.2
100 _aTEMPLIN M. JAY
245 _aINTRODUCTION TO MICROBIOLOGY
_bSTUDY GUIDE FOR INGRAHAM AND INGRAHAM'S
250 _a2ND
260 _aAUSTRALIA
_bBROOKS/COLE THOMSON LEARNING
_c2000
300 _aIV., 270P.
942 _2lcc
_cBK
999 _c216141
_d216141